000 00850nam a2200289Ia 4500
003 OSt
005 20221006144515.0
006 a|||||r|||| 00| 0
007 ta
008 221006b |||||||| |||| 00| 0 eng d
020 _aB0000COD5X
_c137.02
024 _a11,857
037 _cTextual
040 _aEASL
_cEASL
_beng
041 _2eng
_aeng
082 _aV2:19431.N64, K8
100 _aSarDesai D. R.
245 0 _aIndia foreign policy on Cambodia, Laos and Vietnam 1947-1964
260 _aBerleky
_bUniversity of California
_c1968
300 _a336p.
_ccm.
490 _v Gen
650 _a Gen
650 _a India - Foreign relations - Laos - Cambodia
_9652168
650 _aIndia - Foreign relations - Vietnam
_9652169
942 _hV2:19431.N64, K8
_cTEXL
_2CC
999 _c1079943
_d1079943